[Event "HUN-ch Rapid"]
[Site "Ajka"]
[Date "2022.07.17"]
[Round "11"]
[White "Egresi, Mate"]
[Black "Boguszlavszkij, Jevgenyij"]
[Result "1/2-1/2"]
[WhiteElo "2376"]
[BlackElo "2111"]
[PlyCount "99"]
[EventDate "2022.07.15"]
[EventType "swiss (rapid)"]
[EventRounds "13"]
[EventCountry "HUN"]
[SourceTitle "CBM 209 Extra"]
[Source "ChessBase"]
[SourceDate "2022.09.30"]
[SourceVersion "1"]
[SourceVersionDate "2022.09.30"]
[SourceQuality "1"]

1. d4 Nf6 2. c4 e6 3. Nf3 d5 4. Nc3 Nbd7 5. Bf4 c6 6. e3 Be7 7. h3 0-0 8. Qc2 a6 9. cxd5 exd5 10. Bd3 Re8 11. 0-0 Nf8 12. Rab1 Ng6 13. Bh2 Nh5 14. b4 Bd6 15. Bxd6 Qxd6 16. Rfe1 Qf6 17. Qd1 Nh4 18. Nxh4 Qxh4 19. Qf3 Qg5 20. a4 Re6 21. e4 Rf6 22. exd5 Bd7 23. Qe4 g6 24. h4 Qf4 25. Qxf4 Nxf4 26. Be4 Rd8 27. Re3 Rd6 28. Bf3 cxd5 29. a5 Bf5 30. Rbe1 Nd3 31. Re8+ Kg7 32. Rxd8 Rxd8 33. Re7 Nxb4 34. Rxb7 Rc8 35. Nxd5 Rc1+ 36. Kh2 Nd3 37. Ne3 Nxf2 38. Nxf5+ gxf5 39. Rb6 f4 40. g3 fxg3+ 41. Kxg3 Nd3 42. Rxa6 Rc3 43. Kg4 Nf2+ 44. Kf4 Nd3+ 45. Kg4 Nf2+ 46. Kf4 Nd3+ 47. Ke4 Nf2+ 48. Kf4 Nd3+ 49. Ke4 Nf2+ 50. Kf4 1/2-1/2

[Event "HUN-ch Rapid"]
[Site "Ajka"]
[Date "2022.07.16"]
[Round "9"]
[White "Kiss, Pal"]
[Black "Boguszlavszkij, Jevgenyij"]
[Result "1/2-1/2"]
[WhiteElo "2243"]
[BlackElo "2111"]
[PlyCount "87"]
[EventDate "2022.07.15"]
[EventType "swiss (rapid)"]
[EventRounds "13"]
[EventCountry "HUN"]
[SourceTitle "CBM 209 Extra"]
[Source "ChessBase"]
[SourceDate "2022.09.30"]
[SourceVersion "1"]
[SourceVersionDate "2022.09.30"]
[SourceQuality "1"]

1. d4 Nf6 2. c4 e6 3. Nf3 d5 4. g3 c6 5. Qc2 Ne4 6. Bg2 Bd6 7. 0-0 0-0 8. b3 Qe7 9. Bb2 Nd7 10. Nbd2 Ndf6 11. Ne5 Nxd2 12. Qxd2 Nd7 13. e4 dxe4 14. Bxe4 Nxe5 15. dxe5 Bc7 16. Qc2 h6 17. Rad1 Bd7 18. Qc1 Rfd8 19. Ba3 Qe8 20. Bd6 Rac8 21. Rd3 Bxd6 22. Rxd6 Qe7 23. Rfd1 Be8 24. Qa3 a6 25. Qa5 Rd7 26. Rxd7 Bxd7 27. Qd2 Be8 28. Qd6 Rc7 29. Qxe7 Rxe7 30. c5 Rd7 31. Rxd7 Bxd7 32. f4 Kf8 33. Kf2 Ke7 34. Ke3 f6 35. exf6+ gxf6 36. Kd4 Be8 37. g4 Bd7 38. Bf3 Kf7 39. h4 Kg6 40. Be4+ Kf7 41. g5 hxg5 42. fxg5 e5+ 43. Ke3 f5 44. Bd3 1/2-1/2

[Event "Budapest FS12 IM"]
[Site "Budapest"]
[Date "2021.12.06"]
[Round "3"]
[White "Boguszlavszkij, Jevgenyij"]
[Black "Mohamed, Anees M"]
[Result "1-0"]
[WhiteElo "2110"]
[BlackElo "2312"]
[PlyCount "81"]
[EventDate "2021.12.04"]
[EventType "tourn"]
[EventRounds "9"]
[EventCountry "HUN"]
[SourceTitle "CBM 205 Extra"]
[Source "ChessBase"]
[SourceDate "2022.01.31"]
[SourceVersion "1"]
[SourceVersionDate "2022.01.31"]
[SourceQuality "1"]

1. e4 c5 2. Nf3 Nc6 3. g3 d6 4. Bg2 Nf6 5. Nc3 e5 6. d3 h6 7. h3 Be6 8. Be3 Be7 9. Bd2 Nd4 10. Nxd4 cxd4 11. Ne2 Bd7 12. c3 Bb5 13. c4 Bc6 14. 0-0 a5 15. b3 0-0 16. g4 Nd7 17. Ng3 Nc5 18. Qe2 Ne6 19. f4 Nxf4 20. Bxf4 exf4 21. Rxf4 Bg5 22. Rf3 g6 23. Qb2 Qb6 24. Raf1 Qc5 25. Kh1 b5 26. Ne2 Be3 27. Rf6 bxc4 28. bxc4 Ra7 29. Nf4 Bxf4 30. R6xf4 Rb7 31. Qf2 Kg7 32. Rf6 Rd7 33. Re6 Qg5 34. Qxd4+ Kg8 35. Rxd6 Rxd6 36. Qxd6 Bb7 37. Qb6 Bc8 38. Qf2 h5 39. gxh5 Qxh5 40. Qf3 Qe5 41. Rf2 1-0

[Event "Budapest FS12 IM"]
[Site "Budapest"]
[Date "2021.12.04"]
[Round "1"]
[White "Boguszlavszkij, Jevgenyij"]
[Black "To, Nhat Minh"]
[Result "1/2-1/2"]
[WhiteElo "2110"]
[BlackElo "2356"]
[PlyCount "41"]
[EventDate "2021.12.04"]
[EventType "tourn"]
[EventRounds "9"]
[EventCountry "HUN"]
[SourceTitle "CBM 205 Extra"]
[Source "ChessBase"]
[SourceDate "2022.01.31"]
[SourceVersion "1"]
[SourceVersionDate "2022.01.31"]
[SourceQuality "1"]

1. e4 e5 2. Nf3 Nc6 3. Nc3 Nf6 4. d4 exd4 5. Nxd4 Bb4 6. Nxc6 bxc6 7. Bd3 d5 8. exd5 cxd5 9. 0-0 0-0 10. Bg5 c6 11. Qf3 h6 12. Bxf6 Qxf6 13. Qxf6 gxf6 14. Ne2 Rb8 15. b3 Re8 16. c3 Bd6 17. Rac1 Ba3 18. Rc2 Bd6 19. Rcc1 Ba3 20. Rc2 Bd6 21. Rcc1 1/2-1/2

[Event "EUR-chT Seniors 65"]
[Site "Prague"]
[Date "2021.09.02"]
[Round "4.4"]
[White "Postolati, Alexander"]
[Black "Boguszlavszkij, Jevgenyij"]
[Result "1/2-1/2"]
[WhiteElo "1779"]
[BlackElo "2144"]
[PlyCount "103"]
[EventDate "2021.08.30"]
[EventType "team-swiss"]
[EventRounds "9"]
[EventCountry "CZE"]
[SourceTitle "CBM 204 Extra"]
[Source "ChessBase"]
[SourceDate "2021.11.30"]
[SourceVersion "1"]
[SourceVersionDate "2021.11.30"]
[SourceQuality "1"]
[WhiteTeam "Israel 65 II"]
[BlackTeam "Hungary 65"]
[WhiteTeamCountry "ISR"]
[BlackTeamCountry "HUN"]

1. d4 d5 2. Nf3 Nf6 3. c4 e6 4. Nc3 Nbd7 5. Bg5 c6 6. e3 Be7 7. Qc2 0-0 8. a3 Re8 9. Bd3 dxc4 10. Bxc4 Nd5 11. Bxe7 Qxe7 12. 0-0 Nxc3 13. Qxc3 b6 14. b4 Bb7 15. Be2 Rac8 16. Qb2 Qf6 17. Ne5 Nxe5 18. dxe5 Qe7 19. Bf3 c5 20. Bxb7 Qxb7 21. bxc5 Rxc5 22. Rfd1 Qc7 23. Rd2 g6 24. h3 Rc8 25. Rad1 Rc1 26. Qd4 Rxd1+ 27. Rxd1 Kg7 28. Qf4 Qe7 29. Rd6 Rc5 30. Qd4 Qg5 31. Rd7 Qf5 32. Rxa7 Rc1+ 33. Kh2 Qxf2 34. Qf4 Qxf4+ 35. exf4 Kf8 36. h4 h5 37. Ra8+ Ke7 38. Ra7+ Ke8 39. g3 Rd1 40. Rb7 Rd2+ 41. Kh3 Ra2 42. Rxb6 Rxa3 43. Rb8+ Ke7 44. Rb7+ Kf8 45. Rb8+ Kg7 46. Rb7 Ra2 47. Rc7 Rd2 48. Ra7 Kf8 49. Rb7 Ke8 50. Ra7 Rd7 51. Rxd7 Kxd7 52. Kg2 1/2-1/2

[Event "Budapest FS08 IM"]
[Site "Budapest"]
[Date "2021.08.15"]
[Round "8"]
[White "Boguszlavszkij, Jevgenyij"]
[Black "Dev, Shah"]
[Result "0-1"]
[WhiteElo "2144"]
[BlackElo "2232"]
[PlyCount "123"]
[EventDate "2021.08.07"]
[EventType "swiss"]
[EventRounds "10"]
[EventCountry "HUN"]
[SourceTitle "EXT 2022"]
[Source "ChessBase"]
[SourceDate "2021.10.06"]
[SourceVersion "1"]
[SourceVersionDate "2021.10.06"]
[SourceQuality "1"]

1. d4 d5 2. Bf4 Nf6 3. e3 e6 4. Nf3 c5 5. c3 Bd6 6. Ne5 Qc7 7. Nd2 Nc6 8. Ndf3 c4 9. Bg3 Ne4 10. Qc2 Na5 11. Nd2 Nxd2 12. Qxd2 0-0 13. Be2 b5 14. Nf3 f6 15. Bxd6 Qxd6 16. Rd1 Bb7 17. 0-0 Rad8 18. Ne1 e5 19. dxe5 fxe5 20. Bf3 Qg6 21. g3 h5 22. Bh1 Kh8 23. Nf3 Qf6 24. Ne1 Nc6 25. Qe2 Qf7 26. Nf3 Bc8 27. Ng5 Qg6 28. h4 e4 29. f3 Ne5 30. fxe4 Bg4 31. Rxf8+ Rxf8 32. Rf1 Re8 33. Qf2 Kg8 34. exd5 Nd3 35. Qd2 Qd6 36. Kh2 Rf8 37. Qg2 Re8 38. Qd2 Rf8 39. Rxf8+ Qxf8 40. Bg2 a5 41. Be4 Qf1 42. Qg2 Qxg2+ 43. Kxg2 Nxb2 44. Bc2 Kf8 45. Kf2 Bd1 46. Bf5 b4 47. d6 Ba4 48. cxb4 axb4 49. Ne6+ Kf7 50. Nd4 Kf6 51. d7 Ke7 52. d8Q+ Kxd8 53. Ne6+ Ke7 54. Nc5 Bb5 55. Bb1 Nd1+ 56. Kf3 Nc3 57. Bc2 Nxa2 58. Kf4 Nc1 59. Ba4 Bxa4 60. Nxa4 c3 61. Ke4 c2 62. Nb2 0-1

[Event "Budapest FS08 IM"]
[Site "Budapest"]
[Date "2021.08.08"]
[Round "2"]
[White "Boguszlavszkij, Jevgenyij"]
[Black "Shevelev, Danny"]
[Result "1-0"]
[WhiteElo "2144"]
[BlackElo "2255"]
[PlyCount "87"]
[EventDate "2021.08.07"]
[EventType "swiss"]
[EventRounds "10"]
[EventCountry "HUN"]
[SourceTitle "EXT 2022"]
[Source "ChessBase"]
[SourceDate "2021.10.06"]
[SourceVersion "1"]
[SourceVersionDate "2021.10.06"]
[SourceQuality "1"]

1. e4 c6 2. d4 d5 3. exd5 cxd5 4. Bd3 Nf6 5. Nd2 Nc6 6. c3 g6 7. Ngf3 Bg7 8. 0-0 Bf5 9. Qe2 0-0 10. Bxf5 gxf5 11. Re1 e6 12. Nf1 Ne4 13. Bf4 Kh8 14. Ng3 Bf6 15. Rad1 Ng5 16. Nh5 Nxf3+ 17. Qxf3 Rg8 18. Qe2 Rg4 19. Rd3 Qe7 20. Rg3 Rag8 21. b4 a6 22. a4 Rxg3 23. Bxg3 Bg7 24. b5 axb5 25. axb5 Nd8 26. Ra1 f6 27. Nf4 Qf7 28. Qf3 Bh6 29. Nd3 Qd7 30. b6 Qc6 31. Nc5 Qxb6 32. Re1 Bd2 33. Rd1 Qb2 34. Qd3 b6 35. Rxd2 Qc1+ 36. Rd1 Qh6 37. Na4 f4 38. Qd2 e5 39. dxe5 fxe5 40. Qxd5 Qh5 41. Bxf4 Nf7 42. Re1 Rd8 43. Bxe5+ Kg8 44. Qf3 1-0

[Event "HUN-ch Rapid"]
[Site "Ajka"]
[Date "2021.07.17"]
[Round "9"]
[White "Zentai, Peter1111"]
[Black "Boguszlavszkij, Jevgenyij"]
[Result "1/2-1/2"]
[WhiteElo "2284"]
[BlackElo "2144"]
[PlyCount "105"]
[EventDate "2021.07.16"]
[EventType "swiss (rapid)"]
[EventRounds "13"]
[EventCountry "HUN"]
[SourceTitle "CBM 203 Extra"]
[Source "ChessBase"]
[SourceDate "2021.09.30"]
[SourceVersion "1"]
[SourceVersionDate "2021.09.30"]
[SourceQuality "1"]

1. d4 Nf6 2. c4 g6 3. Nc3 Bg7 4. e4 d6 5. Be2 Nbd7 6. Nf3 0-0 7. 0-0 c6 8. Qc2 e5 9. d5 c5 10. Ne1 Qe7 11. Nd3 a6 12. f3 Nh5 13. Be3 f5 14. a3 f4 15. Bf2 g5 16. b4 b6 17. bxc5 Nxc5 18. Rab1 Nd7 19. Na4 b5 20. cxb5 axb5 21. Rxb5 Ndf6 22. Nb6 Rb8 23. Nxc8 Rbxc8 24. Qb3 Qf7 25. Rc1 Rxc1+ 26. Nxc1 Qg6 27. Rb8 g4 28. Rxf8+ Bxf8 29. fxg4 Nxg4 30. Bxg4 Qxg4 31. Qf3 Qg6 32. Nb3 Nf6 33. Nd2 Be7 34. Bb6 Qe8 35. Qb3 Bd8 36. Bxd8 Qxd8 37. h3 Qc7 38. Kh2 Qc1 39. Nc4 Nxe4 40. Qb8+ Kg7 41. Nxd6 Nxd6 42. Qxd6 Qe3 43. Qe7+ Kg6 44. Qe6+ Kg7 45. Qg4+ Kf6 46. d6 Qxa3 47. Qh4+ Ke6 48. Qe7+ Kd5 49. Qf7+ Kc6 50. Qc7+ Kd5 51. Qf7+ Kc6 52. d7 Qd6 53. Qxh7 1/2-1/2

[Event "Zalakaros Barczay Memorial"]
[Site "Zalakaros"]
[Date "2020.09.05"]
[Round "6"]
[White "Boguszlavszkij, Jevgenyij"]
[Black "Aczel, Gergely"]
[Result "0-1"]
[WhiteElo "2173"]
[BlackElo "2511"]
[PlyCount "88"]
[EventDate "2020.08.31"]
[EventType "swiss"]
[EventRounds "7"]
[EventCountry "HUN"]
[SourceTitle "CBM 198 Extra"]
[Source "ChessBase"]
[SourceDate "2020.11.30"]
[SourceVersion "1"]
[SourceVersionDate "2020.11.30"]
[SourceQuality "1"]

1. e4 c5 2. Nf3 e6 3. d3 d5 4. Nbd2 Nc6 5. g3 Nf6 6. Bg2 Be7 7. 0-0 0-0 8. e5 Nd7 9. Re1 Qc7 10. Qe2 b5 11. Nf1 Bb7 12. h4 Rfc8 13. Bf4 Nd4 14. Nxd4 cxd4 15. Rac1 Qa5 16. a3 Rc7 17. Nh2 Rac8 18. Nf3 Qa4 19. b3 Qxa3 20. Bh3 Qc5 21. Kg2 Qb6 22. Ng5 Nf8 23. Qh5 Bb4 24. Rh1 a5 25. Ra1 Bc6 26. Qg4 Be8 27. Nf3 Kh8 28. h5 h6 29. Bc1 Rxc2 30. Nxd4 R2c7 31. Be3 Bc5 32. Rhe1 Nh7 33. Kh2 b4 34. Nc2 Bxe3 35. Nxe3 Rc3 36. d4 R8c7 37. Rab1 Bb5 38. Bf1 Bxf1 39. Rxf1 Ng5 40. Rfd1 Ne4 41. Rb2 Nxf2 42. Rxf2 Rxe3 43. Rdf1 Re4 44. Qg6 Re2 0-1

[Event "Zalakaros Barczay Memorial"]
[Site "Zalakaros"]
[Date "2020.09.02"]
[Round "3"]
[White "Horvath, Adam"]
[Black "Boguszlavszkij, Jevgenyij"]
[Result "1-0"]
[WhiteElo "2488"]
[BlackElo "2173"]
[PlyCount "105"]
[EventDate "2020.08.31"]
[EventType "swiss"]
[EventRounds "7"]
[EventCountry "HUN"]
[SourceTitle "CBM 198 Extra"]
[Source "ChessBase"]
[SourceDate "2020.11.30"]
[SourceVersion "1"]
[SourceVersionDate "2020.11.30"]
[SourceQuality "1"]

1. e4 e5 2. Nf3 Nc6 3. Bc4 Be7 4. 0-0 d6 5. a4 Be6 6. Bxe6 fxe6 7. d4 exd4 8. Nxd4 Nxd4 9. Qxd4 e5 10. Qc4 Qd7 11. Nc3 Nf6 12. Bg5 h6 13. Bxf6 gxf6 14. a5 c6 15. b4 a6 16. Rfd1 Qg4 17. h3 Qg8 18. Qe2 Qf7 19. Na4 0-0 20. Nb6 Rad8 21. Ra3 Kh7 22. Rf3 Qe6 23. c4 Rg8 24. Rf5 Rg5 25. Rxg5 fxg5 26. Rd3 Rf8 27. Qd1 Rg8 28. Rf3 Bd8 29. Rf5 Rg6 30. c5 Bxb6 31. axb6 d5 32. Qf3 d4 33. Qg3 Qd7 34. Qf3 Rg7 35. Rxe5 d3 36. Rf5 d2 37. Qd1 Re7 38. Kh2 Rxe4 39. Rf6 Re1 40. Qc2+ Kg8 41. Rg6+ Kf8 42. Qc3 Qd5 43. Qh8+ Ke7 44. Rd6 Qe5+ 45. Qxe5+ Rxe5 46. Rxd2 Re4 47. Rd6 h5 48. Rg6 Rxb4 49. Rxg5 a5 50. Rxh5 a4 51. Rh7+ Ke6 52. Rxb7 Kd5 53. Ra7 1-0

[Event "Zalakaros Barczay Memorial"]
[Site "Zalakaros"]
[Date "2020.08.31"]
[Round "1"]
[White "Dlauchy, Peter"]
[Black "Boguszlavszkij, Jevgenyij"]
[Result "0-1"]
[WhiteElo "1697"]
[BlackElo "2173"]
[PlyCount "66"]
[EventDate "2020.08.31"]
[EventType "swiss"]
[EventRounds "7"]
[EventCountry "HUN"]
[SourceTitle "CBM 198 Extra"]
[Source "ChessBase"]
[SourceDate "2020.11.30"]
[SourceVersion "1"]
[SourceVersionDate "2020.11.30"]
[SourceQuality "1"]

1. e4 d5 2. exd5 Nf6 3. d4 Bg4 4. Be2 Bxe2 5. Qxe2 Qxd5 6. Nf3 e6 7. Nc3 Bb4 8. 0-0 Bxc3 9. bxc3 0-0 10. c4 Qh5 11. Rb1 b6 12. Rb5 Qg6 13. Re1 h6 14. Ne5 Qh7 15. Rb3 Nbd7 16. Nxd7 Nxd7 17. Rg3 Kh8 18. Bb2 Rae8 19. Bc1 Rg8 20. Qf3 Qxc2 21. Rh3 Qf5 22. Qc6 Nf6 23. Rf3 Qg6 24. Rg3 Qh5 25. Rh3 Qg4 26. Be3 Re7 27. Rg3 Qe4 28. Qa4 a5 29. Qd1 Qf5 30. Bxh6 gxh6 31. Rxg8+ Kxg8 32. Re5 Qg4 33. Qd2 Rd7 0-1

[Event "HUN-ch rapid"]
[Site "Ajka"]
[Date "2020.07.17"]
[Round "2"]
[White "Boguszlavszkij, Jevgenyij"]
[Black "Nagy, Gabor"]
[Result "0-1"]
[WhiteElo "2153"]
[BlackElo "2502"]
[PlyCount "76"]
[EventDate "2020.07.17"]
[EventType "swiss (rapid)"]
[EventRounds "13"]
[EventCountry "HUN"]
[SourceTitle "CBM 197 Extra"]
[Source "ChessBase"]
[SourceDate "2020.09.30"]
[SourceVersion "1"]
[SourceVersionDate "2020.09.30"]
[SourceQuality "1"]

1. e4 c5 2. Nf3 Nc6 3. g3 e6 4. d3 d5 5. Nbd2 Bd6 6. Bg2 Nge7 7. 0-0 0-0 8. Re1 Qc7 9. Nf1 d4 10. h4 e5 11. N1h2 f6 12. h5 Be6 13. Nh4 Qd7 14. f4 exf4 15. gxf4 f5 16. e5 Bc7 17. N2f3 h6 18. Qe2 Qe8 19. Nh2 Nb4 20. Kh1 b5 21. Rg1 Rc8 22. a3 Nbd5 23. Bd2 c4 24. Raf1 c3 25. bxc3 Bb6 26. c4 bxc4 27. Rf3 Qxh5 28. Qf2 cxd3 29. cxd3 Ne3 30. Rg3 Ng4 31. Rxg4 fxg4 32. Be4 Rc2 33. Qe1 Rxd2 34. Qxd2 Qxh4 35. f5 Nxf5 36. Qf4 Ne3 37. Qg3 Qxg3 38. Rxg3 h5 0-1

[Event "Perenyi Memorial 12th"]
[Site "Budapest"]
[Date "2020.01.17"]
[Round "8"]
[White "Yip, Michael"]
[Black "Boguszlavszkij, Jevgenyij"]
[Result "1-0"]
[WhiteElo "1978"]
[BlackElo "2164"]
[PlyCount "87"]
[EventDate "2020.01.10"]
[EventType "swiss"]
[EventRounds "9"]
[EventCountry "HUN"]
[SourceTitle "EXT 2021"]
[Source "ChessBase"]
[SourceDate "2020.10.23"]
[SourceVersion "1"]
[SourceVersionDate "2020.10.23"]
[SourceQuality "1"]

1. d4 Nf6 2. c4 e6 3. Nc3 d5 4. Bg5 c6 5. cxd5 exd5 6. Qc2 Be7 7. e3 Nbd7 8. Bd3 Nf8 9. Nge2 Bd7 10. 0-0 Bd6 11. f3 Ne6 12. Bh4 Qc7 13. h3 g5 14. Bf2 Nh5 15. e4 Nef4 16. e5 Be7 17. Nxf4 Nxf4 18. Rfe1 Be6 19. Bf5 Qd7 20. Bxe6 Qxe6 21. Rab1 h5 22. Ne2 Ng6 23. Ng3 g4 24. Nf5 Rg8 25. fxg4 0-0-0 26. b4 hxg4 27. h4 g3 28. Bxg3 Rh8 29. b5 Bxh4 30. bxc6 Qxc6 31. Qd3 Kb8 32. Nxh4 Nxh4 33. e6+ Ka8 34. exf7 Ng6 35. Rec1 Qe6 36. Rc7 Rb8 37. Qb3 Qa6 38. Rd7 Nf8 39. Rxd5 Rc8 40. Rb5 b6 41. a4 Nd7 42. a5 Rh6 43. axb6 Nxb6 44. Qf3+ 1-0

[Event "Zalakaros Barczay Memorial"]
[Site "Zalakaros"]
[Date "2019.05.30"]
[Round "8"]
[White "Boguszlavszkij, Jevgenyij"]
[Black "Csonka, Attila Istvan"]
[Result "1/2-1/2"]
[WhiteElo "2196"]
[BlackElo "2376"]
[PlyCount "53"]
[EventDate "2019.05.23"]
[EventType "swiss"]
[EventRounds "9"]
[EventCountry "HUN"]
[SourceTitle "CBM 190 Extra"]
[Source "ChessBase"]
[SourceDate "2019.07.15"]
[SourceVersion "1"]
[SourceVersionDate "2019.07.15"]
[SourceQuality "1"]

1. e4 c5 2. Nf3 e6 3. d3 Nc6 4. g3 h5 5. Bg2 Nge7 6. 0-0 Ng6 7. h4 d6 8. d4 cxd4 9. Nxd4 e5 10. Nf3 Bg4 11. Qd3 Qd7 12. Be3 f5 13. exf5 Bxf5 14. Qe2 Be7 15. Nc3 Bg4 16. Qd3 Bf5 17. Qd2 Nb4 18. Ne1 Nc6 19. Nd5 Bf6 20. Rd1 Rd8 21. Nf3 Nge7 22. c4 Nxd5 23. cxd5 Ne7 24. Ng5 Bxg5 25. Bxg5 Rc8 26. Rc1 0-0 27. Qe3 1/2-1/2

[Event "HUN-chT2 Maroczy 1819"]
[Site "Hungary"]
[Date "2019.02.24"]
[Round "8.3"]
[White "Boguszlavszkij, Jevgenyij"]
[Black "Toth, Daniel1111"]
[Result "1/2-1/2"]
[WhiteElo "2180"]
[BlackElo "2239"]
[PlyCount "76"]
[EventDate "2018.09.23"]
[EventType "team-tourn"]
[EventRounds "11"]
[EventCountry "HUN"]
[SourceTitle "EXT 2020"]
[Source "ChessBase"]
[SourceDate "2019.10.17"]
[SourceVersion "1"]
[SourceVersionDate "2019.10.17"]
[SourceQuality "1"]
[WhiteTeam "Budapest Vasas"]
[BlackTeam "Penzugyor II"]
[WhiteTeamCountry "HUN"]
[BlackTeamCountry "HUN"]

1. e4 c5 2. Nf3 e6 3. d3 Nc6 4. g3 g6 5. d4 cxd4 6. Nxd4 d5 7. Nc3 Bg7 8. Nb3 d4 9. Ne2 Nge7 10. Bg2 0-0 11. 0-0 e5 12. Nc5 b6 13. Nd3 Be6 14. b3 Qd7 15. Bd2 Rfd8 16. Kh1 Rac8 17. Ng1 Kh8 18. f4 f5 19. fxe5 Nxe5 20. Nxe5 Bxe5 21. Nf3 Bg7 22. e5 h6 23. Bb4 Nd5 24. Qxd4 Nxb4 25. Qxb4 Rxc2 26. Qe1 Kh7 27. Rf2 Qd3 28. Qg1 Rxf2 29. Qxf2 Bd5 30. Re1 Be4 31. g4 Rf8 32. Qe2 Qxe2 33. Rxe2 Re8 34. gxf5 gxf5 35. Kg1 Bxf3 36. Bxf3 Bxe5 37. Bh5 Rg8+ 38. Kf1 Bd6 1/2-1/2

[Event "Balaton op 36th"]
[Site "Balatonlelle"]
[Date "2018.06.18"]
[Round "7"]
[White "Boguszlavszkij, Jevgenyij"]
[Black "Chandratreya, Prachiti"]
[Result "1-0"]
[WhiteElo "2170"]
[BlackElo "1729"]
[PlyCount "102"]
[EventDate "2018.06.12"]
[EventType "swiss"]
[EventRounds "9"]
[EventCountry "HUN"]
[SourceTitle "CBM 185 Extra"]
[Source "ChessBase"]
[SourceDate "2018.07.29"]
[SourceVersion "1"]
[SourceVersionDate "2018.07.29"]
[SourceQuality "1"]

1. g3 Nf6 2. Bg2 g6 3. e4 d6 4. Ne2 Bg7 5. 0-0 0-0 6. d4 e5 7. c3 Nc6 8. d5 Ne7 9. h3 Ne8 10. c4 f5 11. Nbc3 Nf6 12. Bd2 fxe4 13. Kh2 Bf5 14. Bg5 h6 15. Bxf6 Bxf6 16. Nxe4 Bg7 17. N2c3 b6 18. b4 a5 19. a3 axb4 20. axb4 Kh8 21. Qd2 Rxa1 22. Rxa1 g5 23. Ra7 Nc8 24. Ra8 Qd7 25. Qe2 Ne7 26. Ra7 Nc8 27. Ra6 Ne7 28. Nb5 Nc8 29. Ra2 Qd8 30. Ra8 Qd7 31. g4 Bh7 32. Ra2 Qd8 33. Ng3 e4 34. Bxe4 Be5 35. Bxh7 Kxh7 36. Kg2 Bxg3 37. Kxg3 Qd7 38. Qe4+ Kg7 39. Nd4 Rh8 40. Ne6+ Kf7 41. Qf5+ Ke8 42. Qg6+ Qf7 43. Nxc7+ Kf8 44. Ne6+ Ke7 45. Qxf7+ Kxf7 46. Ra8 Ke7 47. Rb8 Kd7 48. h4 gxh4+ 49. Kxh4 Rg8 50. f4 Rg6 51. Nf8+ Ke8 1-0

[Event "Balaton op 36th"]
[Site "Balatonlelle"]
[Date "2018.06.13"]
[Round "2"]
[White "Boguszlavszkij, Jevgenyij"]
[Black "Ananya, Rishi Gupta"]
[Result "1-0"]
[WhiteElo "2170"]
[BlackElo "1968"]
[PlyCount "89"]
[EventDate "2018.06.12"]
[EventType "swiss"]
[EventRounds "9"]
[EventCountry "HUN"]
[SourceTitle "CBM 185 Extra"]
[Source "ChessBase"]
[SourceDate "2018.07.29"]
[SourceVersion "1"]
[SourceVersionDate "2018.07.29"]
[SourceQuality "1"]

1. g3 d5 2. Bg2 Nf6 3. Nf3 Bf5 4. d3 Nbd7 5. Nh4 Bg6 6. Nc3 c6 7. e4 dxe4 8. Nxg6 hxg6 9. dxe4 e5 10. Qe2 Bc5 11. Bd2 Qe7 12. 0-0-0 0-0-0 13. h4 Kb8 14. f4 Bd6 15. Be3 Nc5 16. Rxd6 Qxd6 17. fxe5 Qe7 18. exf6 gxf6 19. Qf2 b6 20. e5 fxe5 21. Bg5 f6 22. Qxf6 Qd6 23. Qxd6+ Rxd6 24. Ne4 Nxe4 25. Bxe4 Rg8 26. Be3 Kc7 27. g4 c5 28. Rf1 Rh8 29. Rf7+ Rd7 30. Rxd7+ Kxd7 31. Bg5 Rg8 32. Kd2 Kd6 33. c4 Rg7 34. Ke2 Rg8 35. Be3 Rh8 36. Bf2 Rg8 37. Bd5 Rf8 38. Bg3 b5 39. b3 bxc4 40. Bxc4 Ke7 41. Bxe5 Rd8 42. h5 gxh5 43. gxh5 Kf8 44. Ke3 Rd7 45. h6 1-0

[Event "Zalakaros op 37th"]
[Site "Zalakaros"]
[Date "2018.05.29"]
[Round "5"]
[White "Radovanovic, Jovica"]
[Black "Boguszlavszkij, Jevgenyij"]
[Result "1/2-1/2"]
[WhiteElo "2311"]
[BlackElo "2173"]
[PlyCount "47"]
[EventDate "2018.05.25"]
[EventType "swiss"]
[EventRounds "9"]
[EventCountry "HUN"]
[SourceTitle "EXT 2019"]
[Source "ChessBase"]
[SourceDate "2018.10.10"]
[SourceVersion "1"]
[SourceVersionDate "2018.10.10"]
[SourceQuality "1"]

1. d4 Nf6 2. Nf3 e6 3. c4 Ne4 4. g3 Bb4+ 5. Nbd2 0-0 6. Bg2 Nxd2 7. Nxd2 Nc6 8. d5 Ne5 9. Qc2 Re8 10. 0-0 a5 11. b3 Rb8 12. Bb2 Ng6 13. a3 Bf8 14. h4 d6 15. h5 Ne5 16. Qc3 b6 17. Ne4 f5 18. Nd2 Ng4 19. dxe6 Bxe6 20. Bc6 Re7 21. Nf3 h6 22. Qd3 Bf7 23. Qxf5 Qc8 24. Qxc8 1/2-1/2

[Event "Budapest-chT1 Lilienthal 1718"]
[Site "Budapest"]
[Date "2018.03.11"]
[Round "11"]
[White "Kassay, Krisztian"]
[Black "Boguszlavszkij, Jevgenyij"]
[Result "1-0"]
[WhiteElo "2170"]
[BlackElo "2130"]
[PlyCount "115"]
[EventDate "2017.10.01"]
[EventType "team-tourn"]
[EventRounds "13"]
[EventCountry "HUN"]
[SourceTitle "EXT 2021"]
[Source "ChessBase"]
[SourceDate "2020.10.23"]
[SourceVersion "1"]
[SourceVersionDate "2020.10.23"]
[SourceQuality "1"]
[WhiteTeam "Csepel"]
[BlackTeam "Budapest Vasas II"]
[WhiteTeamCountry "HUN"]
[BlackTeamCountry "HUN"]

1. e4 g6 2. d4 c6 3. Nc3 d5 4. Nf3 Bg7 5. Be3 Nh6 6. Qd2 Ng4 7. Bf4 dxe4 8. Nxe4 Nd7 9. 0-0-0 0-0 10. h4 h5 11. Nfg5 Ngf6 12. f3 Nxe4 13. Nxe4 Nf6 14. Bh6 Nxe4 15. fxe4 Bxh6 16. Qxh6 Bg4 17. Bc4 e6 18. Rd2 b5 19. Bb3 a5 20. d5 Qf6 21. dxe6 fxe6 22. e5 Qf1+ 23. Rd1 Qf4+ 24. Qxf4 Rxf4 25. Rd6 Re8 26. c3 Rf2 27. Rxc6 a4 28. Bc2 Rd8 29. Rd6 Rdf8 30. Rd2 Rxd2 31. Kxd2 Rf2+ 32. Kc1 Kg7 33. Bd3 Be2 34. Be4 Bf1 35. g3 Bg2 36. Re1 a3 37. bxa3 Rxa2 38. Bxg2 Rxg2 39. Re3 Ra2 40. c4 bxc4 41. Kb1 Rd2 42. a4 Rd5 43. Kb2 g5 44. hxg5 Kg6 45. Kc3 Rc5 46. Kb4 Rc8 47. a5 Kxg5 48. a6 Kf5 49. Kb5 c3 50. a7 c2 51. Re1 Kg4 52. Rc1 Kxg3 53. Rxc2 Rxc2 54. a8Q Re2 55. Qg8+ Kf4 56. Qf7+ Kg3 57. Qxh5 Re4 58. Kc5 1-0